000 00416cam a2200169 4500
001 D13327
008 090401t1902 xxu||||| |||| 00| 0 eng d
035 _a(Sirsi) u9024
041 _aeng
100 _aLupton, Arnold
245 2 _aA practical treatise on mine surveying
260 _aLondon
_bLongmans, Green and Co
_c1902
350 _a0
520 _aShelf 118 ; 2 copies
942 _n0
948 _c04/03/1997
999 _c86589
_d86589